|
|
|
|
| LEADER |
00909nam a2200253 a 4500 |
| 001 |
43297040 |
| 008 |
091231s2000 nyua b 001 0 eng d |
| 020 |
|
|
|a 9280635328
|
| 040 |
|
|
|a ZCH
|c ZCH
|d MBU
|d BD-DhAAL
|
| 082 |
0 |
0 |
|a 372.9172/4
|2 21
|
| 245 |
0 |
4 |
|a The state of the world's children 2000,
|p Education /
|c Carol Bellamy,
|
| 246 |
3 |
0 |
|a Education
|
| 260 |
|
|
|a New York :
|b UNICEF,
|c 2000
|
| 300 |
|
|
|a 120 p. :
|b ill. ;
|c 27 cm.
|
| 500 |
|
|
|a Cover title.
|
| 504 |
|
|
|a Includes bibliographical references (p.64-65). and index.
|
| 541 |
1 |
|
|e 00007463
|
| 650 |
|
0 |
|a Child Health Services
|
| 650 |
|
0 |
|a Developing Countries.
|
| 700 |
1 |
|
|a Bellamy, Carol.
|
| 710 |
2 |
|
|a UNICEF.
|
| 852 |
4 |
|
|a Ayesha Abed Library
|j General shelf
|
| 999 |
|
|
|c 6664
|d 6664
|
| 952 |
|
|
|0 0
|1 0
|2 ddc
|4 0
|6 372_917240000000000_STA_2000
|7 0
|9 6825
|a BRACUL
|b BRACUL
|c GEN
|d 2010-01-04
|l 1
|o 372.91724 STA
|p 3010007463
|r 2016-10-30
|s 2016-09-24
|t 1
|w 2010-01-04
|y BK
|